000
00267nam a2200097Ia 4500
001
1207192
005
20251016145100.0
008
250824s9999 xx 000 0 und d
245
0
_a
SONRA AŞK OLUR HER YENİLGİ
_c
GÖKHAN SERTER
260
_b
ÇIRA EDEBİYAT YAYINLARI
999
_c
1207192
_d
1207192